Top Fantasy Football Performers 2017 - Statistics

General Stats
  • This quiz has been taken 153 times
  • The average score is 23 of 25
Answer Stats
No. Points Team Player % Correct
1 363.82 Seahawks QB Russell Wilson
99%
5 299.88 Patriots QB Tom Brady
99%
4 302.98 Chiefs QB Alex Smith
98%
3 305.28 Panthers QB Cam Newton
98%
6 288.44 Eagles QB Carson Wentz
98%
12 262.66 Cowboys QB Dak Prescott
98%
10 268.36 Saints QB Drew Brees
98%
14 256.26 Rams QB Jared Goff
98%
9 277.34 Lions QB Matthew Stafford
98%
13 256.60 Steelers RB Le'Veon Bell
97%
20 229.70 Falcons QB Matt Ryan
97%
2 321.30 Rams RB Todd Gurley
97%
11 263.74 Steelers QB Ben Roethlisberger
96%
8 281.00 Chargers QB Philip Rivers
96%
18 233.40 Saints RB Alvin Kamara
95%
7 281.42 Redskins QB Kirk Cousins
95%
15 256.08 Jaguars QB Blake Bortles
93%
25 216.30 Texans WR DeAndre Hopkins
92%
23 216.76 Buccaneers QB Jameis Winston
91%
21 222.00 Saints RB Mark Ingram
89%
19 230.10 Chargers RB Melvin Gordon
89%
16 243.20 Chiefs RB Kareem Hunt
84%
22 221.96 Bills QB Tyrod Taylor
82%
17 240.88 Vikings QB Case Keenum
73%
24 216.64 Jets QB Josh McCown
46%
No matching quizzes found
Score Distribution
Percent of People with Each Score
Percentile by Number Answered
Your Score History
You have not taken this quiz